000 00703nam a2200229Ia 4500
003 OSt
005 20220928122344.0
006 a|||||r|||| 00| 0
007 ta
008 220927b |||||||| |||| 00| 0 eng d
024 _a33812
037 _cTextual
040 _aSDCL
_cSDCL
_beng
041 _2eng
_aeng
082 _aX:9J6.530m3'N7, L9
100 _aFreeman Gary P
_9457686
245 0 _aImmigrant labor and racial conflict in industrial societies
_b The French and British experience
260 _aPrinceton
_bPrinceton University Press
_c1979
300 _axiv,362p
_ccm.
942 _hX:9J6.530m3'N7, L9
_cTEXL
_2CC
999 _c771117
_d771117